| 000 | 01813nam2a22003251 4500 | ||
|---|---|---|---|
| 001 | rc\4435678 | ||
| 005 | 20260406021908.0 | ||
| 010 |
_bВ пер. _d1 р. 15 к. _9291000 |
||
| 021 |
_aRU _b[65-16795] |
||
| 035 | _a(NLR Aleph) 008578345 | ||
| 090 |
_a8569275 _c8569275 |
||
| 100 | _a20130416d1965 |||y0rusy50 ca | ||
| 101 | 1 |
_arus _cfre |
|
| 102 | _aRU | ||
| 105 | _aa z |||a| | ||
| 200 | 1 |
_aРугон-Маккары _iДоктор Паскаль _f[пер. Е. Яхниной _gкоммент. В. Шор _gил.: М.А. Таранов] |
|
| 210 |
_aМосква _cХудожественная литература _d1965 |
||
| 215 |
_a386 с., 1 л. табл. _cил. _d21 |
||
| 461 | 0 |
_1001rc\4435662 _12001#$aСобрание сочинений$eв 26-ти томах$eперевод с французского$fЭмиль Золя$gпод общ. ред. И. Анисимова [и др.$gвступ. статья И. Анисимова, с. V-XXXI]$vТ. 16 _98569180 _aЗоля, Э. (1840-1902) _cМосква _d1960-1967 _fЭмиль Золя _nГослитиздат _oв 26-ти томах : перевод с французского _tСобрание сочинений _vТ. 16 |
|
| 464 | 0 |
_12001#$aДоктор Паскаль _tДоктор Паскаль |
|
| 545 | 1 | _aДоктор Паскаль | |
| 702 | 1 |
_4212 _aШор _bВ.Е. _f1917-1971 _gВладимир Ефимович _3RU\NLR\AUTH\7768689 _951617 |
|
| 702 | 1 |
_aЯхнина _bЕ. И. _f1899- _gЕвгения Иосифовна _4730 |
|
| 702 | 1 |
_4440 _8rus _7ca _aТаранов _bМ. А. _f1909-1973 _gМихаил Афанасьевич _3RU\NLR\AUTH\77123431 _9106356 |
|
| 801 | 0 |
_aRU _bNLR _c20130416 _gpsbo |
|
| 801 | 1 |
_aRU _bELAR _c20130416 _2rusmarc |
|
| 801 | 2 |
_aRU _bNLR _c20141028 _2rusmarc |
|
| 852 |
_aNLR _j61-3/403 (16) |
||
| 942 | _cBOOK | ||
| 980 | _aNB | ||